Исследование первичного преобразователя измерителя ёмкости кабеля; Современные техника и технологии; Т. 1

Bibliographic Details
Parent link:Современные техника и технологии: 12-я международная научно-практическая конференция студентов, аспирантов и молодых ученых, г. Томск, 27 марта - 31 марта 2006 г./ Томский политехнический университет.— , 2006
Т. 1.— 2006.— С. 92-94
Main Author: Быкова Н. Ю.
Other Authors: Листов Д. О., Миляев Д. В.
Language:Russian
Published: 2006
Subjects:
Format: Book Chapter
KOHA link:https://koha.lib.tpu.ru/cgi-bin/koha/opac-detail.pl?biblionumber=113187

MARC

LEADER 00000naa2a2200000 4500
001 113187
005 20231031121735.0
035 |a (RuTPU)RU\TPU\book\122423 
090 |a 113187 
100 |a 20070406d2006 k y0rusy50 ca 
101 0 |a rus 
102 |a RU 
200 1 |a Исследование первичного преобразователя измерителя ёмкости кабеля  |f Н. Ю. Быкова, Д. О. Листов, Д. В. Миляев 
320 |a Библиогр.: 2 назв. 
461 1 |0 (RuTPU)RU\TPU\book\111998  |t Современные техника и технологии  |o 12-я международная научно-практическая конференция студентов, аспирантов и молодых ученых, г. Томск, 27 марта - 31 марта 2006 г.  |o труды в 2 т.  |f Томский политехнический университет  |d 2006 
463 0 |0 (RuTPU)RU\TPU\book\111471  |t Т. 1  |v С. 92-94  |d 2006  |p 524 с. 
610 1 |a преобразователи 
610 1 |a измерители ёмкости кабеля 
610 1 |a передача информации 
610 1 |a ёмкость кабеля 
610 1 |a кабели 
610 1 |a труды учёных ТПУ 
700 1 |a Быкова  |b Н. Ю. 
701 1 |a Листов  |b Д. О. 
701 1 |a Миляев  |b Д. В. 
801 1 |a RU  |b 63413507  |c 20070406  |g PSBO 
801 2 |a RU  |b 63413507  |c 20141101  |g RCR 
942 |c BK